Normal view
MARC view
- Michael Atiyah
Entry Personal Name
001 - CONTROL NUMBER
- control field: 20446
003 - CONTROL NUMBER IDENTIFIER
- control field: NUST
005 - DATE AND TIME OF LATEST TRANSACTION
- control field: 20190913055231.0
008 - FIXED-LENGTH DATA ELEMENTS
- fixed length control field: 190913|| aca||aabn | a|a d
040 ## - CATALOGING SOURCE
- Original cataloging agency: NUST
- Transcribing agency: NUST
100 ## - HEADING--PERSONAL NAME
- Personal name: Michael Atiyah
670 ## - SOURCE DATA FOUND
- Source citation: Work cat.: (NUST): Michael Atiyah , The Geometry and Physics of Knots , 1991
